| 000 | 01361nam a2200313 4500 | ||
|---|---|---|---|
| 001 | 247 | ||
| 003 | OSt | ||
| 005 | 20250528074016.0 | ||
| 008 | 250210b |||||||g |||| 00| 1 eng d | ||
| 020 | _a978858165415 | ||
| 040 | _bpor | ||
| 041 |
_heng _apor |
||
| 082 |
_a813 _bF724s |
||
| 100 | 1 |
_aForman, Gayle. _d1970- _9454 |
|
| 240 | _aIf I stay | ||
| 245 |
_aSe eu ficar / _cForman, Gayle ; Tradução de Amanda Moura |
||
| 260 |
_aRibeirão Preto _bNovo Conceito _c2014 |
||
| 300 | _a224 p. | ||
| 520 | _aA última coisa de que Mia se lembra é a música. Depois do acidente, ela ainda consegue ouvir a música. Ela vê o seu corpo sendo tirado dos destroços do carro de seus pais mas não sente nada. Tudo o que ela pode fazer é assistir ao esforço dos médicos para salvar sua vida, enquanto seus amigos e parentes aguardam na sala de espera... E o seu amor luta para ficar perto dela. Pelas próximas 24 horas, Mia precisa compreender o que aconteceu antes do acidente e também o que aconteceu depois. Ela sabe que precisa fazer a escolha mais difícil de todas. | ||
| 650 | 0 |
_aLiteratura Americana _984 |
|
| 650 | 0 |
_aGrandes Amizades _928 |
|
| 650 | 0 |
_aSaúde Mental _9308 |
|
| 650 | 0 |
_aDrama _918 |
|
| 650 | 0 |
_aFilme _926 |
|
| 655 | 0 |
_aRomance _923 |
|
| 655 | 0 |
_aFicção _922 |
|
| 700 |
_aAmanda Moura _eTradutor _9455 |
||
| 942 |
_2ddc _n0 _cBK |
||
| 999 |
_c247 _d247 |
||